000 00658nam a22002297a 4500
003 UA-OsUOA
001 39522
007 ta
008 20060621b un ||||| |||| 00| 0 ukr d
100 _aКуделин А.Б.
090 _a82(091)
_bК88
942 _cBK
040 _aUA-OsUOA
_brus
_cUA-OsUOA
_dUA-OsUOA
245 _aСредневековая арабская поэтика (вторая половина VІІІ-ХІ век)
300 _a264 с.
955 _a2
041 _arus
080 _a82(091)
260 _aМ.
_bНаука
_c1988
650 7 _a82 Література. Літературознавство
_2UDC
999 _c325662
_d325662